Vzdelávanie v dátovej analýze a jeho význam v manažmente

Saved in:
Bibliographic Details
Main Author: Hanák, Róbert, 1979-
Format: Book Chapter
Language:Slovak
Tags: Add Tag
No Tags, Be the first to tag this record!

MARC

LEADER 00000naa$a2200000$$$4500
001 0271459
005 20240521124811.1
041 0 |a slo 
044 |a SK 
245 1 0 |a Vzdelávanie v dátovej analýze a jeho význam v manažmente  |c Róbert Hanák 
100 1 |a Hanák, Róbert, 1979-